000 01892nam a2200241Ia 4500
000 03665naaa 00853uu
001 https://directory.doabooks.org/handle/20.500.12854/52916
005 20260218105823.0
008 211013s9999 xx 000 0 und d
020 _a9783038979333
024 _a10.3390/books978-3-03897-933-3
042 _adc
245 0 _aMeasures of Spirituality/Religiosity (2018)
260 _bMDPI - Multidisciplinary Digital Publishing Institute
_c2019
300 _a1 electronic resource (180 p.)
520 _aThe interest in the topic of spirituality as a more or less independent dimension of quality of life is continuously growing, and research questions are beginning to change as the field of religiosity changes, becoming more diverse and pluralistic. Addressing new topics in health research also relies on standardized questionnaires. The number of instruments intended to measure specific aspects of spirituality is growing, and it is particularly difficult to evaluate the new instruments. This Special Issue will focus on some of the established instruments (updating them to different languages and cultures), but will also describe the features and intentions of newly-developed instruments, which may potentially be used in larger studies to develop knowledge relevant to spiritual care and practice. This Special Issue will serve as a resource on the instruments used to study the wide range of organized religiosity, the individual experience of the divine, and an open approach in the search for meaning and purpose in life.
540 _aCreative Commons
653 _aclinical setting
700 1 _aBussing, Arndt
856 _uhttps://docs.google.com/spreadsheets/d/1yKIrdCPDAG_9c22mwoOIO2DOhtj65Wqa/edit?usp=sharing&ouid=106555315294820607512&rtpof=true&sd=true
_yList of Curated E-Books
942 _cE-BOOK
999 _c49534
_d49534